000 nam a22 a 4500
999 _c877
_d877
003 AKMAL
005 20170505161938.0
008 170505s1993 my 00 may d
020 _a9838850659 (jil. 5):
_cRM 20.00 satu jil.
020 _a9838850649 (jil. 4):
_cRM 20.00 satu jil.
020 _a9838850446 (jil. 3):
_cRM 20.00 satu jil.
020 _a9838850217 (jil. 2):
_cRM 20.00 satu jil.
020 _a9838850217 (jil. 1):
_cRM 20.00 satu jil.
040 _aAKMAL
082 0 4 _a297.12425 ABI
090 0 0 _a297.12425
_bABI
245 0 0 _aTarjamah Sunan Abi Daud /
_cterjemahan oleh H. Bey Arifin, A. Syinqithy Djamaluddin
260 _aKuala Lumpur :
_bVictory Agencie,
_c1993
300 0 0 _a5 jil. ;
_c21cm
500 _aMengandungi ayat-ayat dari Quran
599 _aDALAM PROSES
650 0 _aHadith
_xCriticism, interpretation, etc.
_91782
700 0 _aArifin, Bey,
_d1917-1995
_91876
700 0 _aA. Syinqithy Djamaluddin
_91877
942 _2ddc
_cBOOK